000 00261nam a22000977a 4500
008 240404b |||||||| |||| 00| 0 eng d
020 _a9780141978611
100 _aKOLK DER VAN BESSEL
_97757
245 _aTHE BODY KEEPS THE SCORE
260 _aPENGUIN BOOKS
_bUK
_c2014
999 _c12556
_d12556